¿Cómo, esto también es matemática? : ¡todo es matemática! máquinas tragamonedas, claves secretas, laberintos, puentes flexibles y moscas que vuelan rápido como trenes /
Estamos rodeados de números: fechas, documentos, teléfonos. Números que repetimos automáticamente y recién comienzan a tener sentido cuando los asociamos y logramos pensar distinto. Este es el momento en el que aprendemos a educar la intuición y contramos así soluciones inesperadas.
Guardado en:
| Autor Principal: | |
|---|---|
| Formato: | Libro |
| Idioma: | Undetermined |
| Publicado: |
Buenos Aires :
Sudamericana,
2011.
|
| Edición: | 1era ed. |
| Materias: | |
| Etiquetas: |
Agregar Etiqueta
Sin Etiquetas, Sea el primero en etiquetar este registro!
|
| LEADER | 01038nam a22002055a 4500 | ||
|---|---|---|---|
| 001 | CEM.cems025190 | ||
| 008 | 260518s2011####ag#a##########000#0#und#d | ||
| 005 | 20260519090040.0 | ||
| 245 | 1 | 0 | |a ¿Cómo, esto también es matemática? : |b ¡todo es matemática! máquinas tragamonedas, claves secretas, laberintos, puentes flexibles y moscas que vuelan rápido como trenes / |c Adrián Paenza. |
| 250 | |a 1era ed. | ||
| 260 | |a Buenos Aires : |b Sudamericana, |c 2011. | ||
| 300 | |a 307 p. : |b il. ; |c 21 cm. | ||
| 520 | |a Estamos rodeados de números: fechas, documentos, teléfonos. Números que repetimos automáticamente y recién comienzan a tener sentido cuando los asociamos y logramos pensar distinto. Este es el momento en el que aprendemos a educar la intuición y contramos así soluciones inesperadas. | ||
| 020 | |a 9500736787 | ||
| 100 | 1 | |a Paenza, Adrián, |d 2011. | |
| 082 | 0 | 4 | |a 510.7 |
| 653 | |a Números | ||
| 653 | |a Juegos matemáticos | ||
| 653 | |a Curiosidades numéricas | ||
| 859 | |a CEMS |b BIB. CEMS - Agricultura |h 510.7 |i P135-2 |p A4178.26 |t Ej.1 | ||
